[Event "AUTO-ADV-2389"]
[Site "http://www.queenalice.com/game.php?id=1060170"]
[Date "2012.5.16"]
[Round "2"]
[White "tonycorreia"]
[Black "ggg09"]
[Result "0-1"]
[WhiteElo "1809"]
[BlackElo "1997"]

1. e4 e6 2. d4 d5 3. e5 c5 4. c3 Nc6 5. Bb5 a6 6. Qa4 Bd7 7. Bxc6 bxc6 8. Be3
cxd4 9. Qxd4 c5 10. Qg4 Ne7 11. Bg5 Qc7 12. Bxe7 Kxe7 13. Nf3 Bb5 14. Nbd2 g6
15. Qg5+ Ke8 16. Qf6 Rg8 17. Ng5 Bg7 18. Qf4 Bxe5 19. Qf3 Bf4 20. Nxh7 Qe5+ 21.
Kd1 Rh8 22. Re1 Qf5 23. g4 Qd3 24. Nf6+ Kf8 25. Qxf4 Qh3 26. Nf3 Ra7 27. Rh1 Qg2
28. Rg1 Qxf2 29. Qb8+ Kg7 30. Ne8+ Rxe8 31. Qxa7 Qxf3+ 32. Kc2 Qf2+ 33. Kb3 c4+
34. Ka3 Qxa7 35. b4 Qf2 36. g5 Rh8 37. Raf1 Qc2 38. Rg3 Qa4+ 39. Kb2 Rxh2+ 0-1

[Event "AUTO-ADV-2389"]
[Site "http://www.queenalice.com/game.php?id=1060171"]
[Date "2012.5.16"]
[Round "2"]
[White "ggg09"]
[Black "tonycorreia"]
[Result "0-1"]
[WhiteElo "2135"]
[BlackElo "1833"]

1. e4 e5 2. Nf3 Nc6 3. Bc4 Nd4 4. Nxe5 Qg5 5. Ng4 d5 6. Be2 Nxe2 7. Qxe2 Bxg4 8.
f3 Be6 9. exd5 Qxd5 10. Nc3 Qa5 11. O-O Bc5+ 12. Kh1 O-O-O 13. Qe5 Nf6 14. Ne4
Rd5 15. Qc3 Qxc3 16. Nxc3 Rh5 17. Ne4 Nxe4 18. fxe4 f5 19. d3 Rf8 20. e5 Bd5 21.
c3 b5 22. d4 Bb6 23. Bd2 c5 24. Be3 c4 25. a4 bxa4 26. Rxa4 g5 27. Kg1 f4 28.
Bd2 Kd7 29. Ra6 Rh6 30. Rf2 Rh4 31. h3 Rf7 32. Kh2 Be6 33. Rf1 Bf5 34. Be1 Rh5
35. Bd2 Bd3 36. Rf3 Be2 37. Rf2 f3 38. g4 Rh6 39. Bxg5 Rg6 40. Be3 Re6 41. Kg3
h6 42. d5 Rxe5 43. Bxb6 axb6 44. Rxb6 Rxd5 45. Rxh6 Rd1 46. Kh2 Bd3 47. Ra6 Be4
48. Ra7+ Ke8 49. Ra4 Bd5 50. Rb4 Re7 51. Kg3 Rg1+ 52. Kf4 Rg2 53. Rb8+ Kf7 54.
Rf1 f2 55. Rb5 Re1 0-1

[Event "AUTO-ADV-2389"]
[Site "http://www.queenalice.com/game.php?id=1060172"]
[Date "2012.5.16"]
[Round "2"]
[White "tonycorreia"]
[Black "Constante"]
[Result "0-1"]
[WhiteElo "1827"]
[BlackElo "2103"]

1. e4 c5 2. c3 Nf6 3. e5 Nd5 4. Bc4 Nb6 5. Qg4 a6 6. Bb3 d5 7. Qg3 Bf5 8. Na3 e6
9. d3 Nc6 10. Bg5 Qd7 11. Bc2 Bg6 12. f4 Be7 13. h4 f6 14. exf6 gxf6 15. Bh6
O-O-O 16. O-O-O Rhg8 17. Qf3 Bf7 18. h5 f5 19. Ne2 Bf6 20. g3 Kb8 21. c4 Nd4 22.
Nxd4 Bxd4 23. Bg5 Rc8 24. cxd5 Nxd5 25. Nc4 Ka7 26. Ne5 Bxe5 27. Bh4 Bd4 28. Kb1
Qb5 29. Bb3 c4 30. dxc4 Rxc4 31. Rxd4 Rxd4 32. Rc1 Kb8 33. Qf2 Rb4 34. Qc2 Qd7
35. Bxd5 exd5 36. Qe2 Re8 0-1

[Event "AUTO-ADV-2389"]
[Site "http://www.queenalice.com/game.php?id=1060173"]
[Date "2012.5.16"]
[Round "2"]
[White "Constante"]
[Black "tonycorreia"]
[Result "1-0"]
[WhiteElo "2003"]
[BlackElo "1846"]

1. e4 e5 2. Nf3 Nc6 3. Bb5 Qf6 4. c3 a6 5. Ba4 Na5 6. d3 b5 7. Bc2 h6 8. Be3 c5
9. a3 d6 10. h3 Ne7 11. O-O Bb7 12. b4 cxb4 13. cxb4 Nac6 14. Bb3 O-O-O 15. Bb6
Rd7 16. Qc2 Kb8 17. a4 Nxb4 18. Qc3 Nbc6 19. axb5 axb5 20. Rc1 Qf4 21. Nbd2 b4
22. Qb2 Nc8 23. Bd5 Nxb6 24. Bxc6 Bxc6 25. Rxc6 Rb7 26. Qxb4 Nd5 27. Ra8+ Kxa8
28. Rc8+ Ka7 29. Qa5# 1-0

[Event "Challenge"]
[Site "http://www.queenalice.com/game.php?id=1065634"]
[Date "2012.5.29"]
[Round "-"]
[White "tonycorreia"]
[Black "plot24"]
[Result "1-0"]
[WhiteElo "1817"]
[BlackElo "1825"]

1. e4 e5 2. Nc3 Nc6 3. d3 Nge7 4. Be3 Ng6 5. a3 Be7 6. Nf3 O-O 7. d4 exd4 8.
Nxd4 d6 9. Bb5 Nce5 10. Nd5 Bg5 11. Bxg5 Qxg5 12. Rg1 c6 13. Nc7 cxb5 14. Nxa8
Bg4 15. f3 Bd7 16. Nc7 Qh4+ 17. Kf1 Qxh2 18. Kf2 Bh3 19. Nf5 Bxf5 20. Rh1 Qf4
21. exf5 Qxf5 22. Nxb5 Ng4+ 23. Kg1 Qxb5 24. fxg4 Qb6+ 25. Kh2 f5 26. Qd5+ Kh8
27. gxf5 Ne5 28. Rhf1 Ng4+ 29. Kg3 Ne3 30. Qb3 Qxb3 31. cxb3 Nxf1+ 32. Rxf1 Rf6
33. Rf3 Kg8 34. Kg4 Kf7 35. Re3 g6 36. fxg6+ hxg6 37. Re2 d5 38. b4 b5 39. Re5
Rd6 40. Kf3 d4 41. Ke2 a6 42. Kd3 Kf6 43. Rc5 Ke6 44. b3 Rd5 45. Rc6+ 1-0

[Event "Challenge"]
[Site "http://www.queenalice.com/game.php?id=1081967"]
[Date "2012.7.12"]
[Round "-"]
[White "Hourglass"]
[Black "tonycorreia"]
[Result "1-0"]
[WhiteElo "2008"]
[BlackElo "1836"]

1. e4 e5 2. Nf3 Nc6 3. Bb5 Qf6 4. O-O a6 5. Ba4 b5 6. Bb3 Nge7 7. d3 h6 8. Nc3
Ra7 9. a3 d6 10. Nd5 Nxd5 11. Bxd5 Ne7 12. Ba2 c5 13. Be3 Nc6 14. Bd5 Ne7 15. b3
Nxd5 16. exd5 Bg4 17. c3 Be7 18. Qe2 g5 19. Bd2 h5 20. Qe3 Bxf3 21. gxf3 h4 22.
Kh1 h3 23. Rg1 Qf5 24. Rg3 f6 25. Qe4 Qd7 26. Qg6+ Kd8 27. Be3 a5 28. d4 cxd4
29. cxd4 a4 30. b4 Rc7 31. dxe5 dxe5 32. Bb6 Qxd5 33. Bxc7+ Kxc7 34. Qc2+ Kb6
35. Rc1 Rd8 36. Qc7+ Ka6 37. Rc6+ Qxc6 38. Qxc6+ Ka7 39. Qc7+ Ka8 40. Qxe7 Rd1+
41. Rg1 Rd4 42. Qxf6 Rd2 43. Rxg5 Kb7 44. Rg7+ Kc8 45. Qc6+ 1-0

[Event "AUTO-ADV-2731"]
[Site "http://www.queenalice.com/game.php?id=1141204"]
[Date "2013.1.16"]
[Round "1"]
[White "tonycorreia"]
[Black "markim03"]
[Result "1-0"]
[WhiteElo "1758"]
[BlackElo "1759"]

1. e4 c5 2. Bc4 e6 3. Nc3 d6 4. b3 Nf6 5. Bb2 Be7 6. d4 cxd4 7. Qxd4 Nc6 8. Qe3
O-O 9. O-O-O a6 10. h3 b5 11. Bd3 Bb7 12. Qg3 Ne5 13. f3 Nxd3+ 14. Rxd3 b4 15.
Na4 a5 16. Nc5 Qc7 17. Na4 Rac8 18. c4 d5 19. Qxc7 Rxc7 20. Be5 Rc6 21. exd5
exd5 22. c5 Bxc5 23. Nxc5 Rxc5+ 24. Kb2 Nd7 25. Bd6 Re8 26. Bxc5 Nxc5 27. Rd2 a4
28. Ne2 a3+ 29. Kc1 Ba6 30. Nd4 h6 31. Nc6 Bb7 32. Nxb4 Rc8 33. Kd1 Rd8 34. Re1
Ne6 35. Re5 Rd6 36. Nxd5 Bxd5 37. Rexd5 Rxd5 38. Rxd5 Nf4 39. Rd2 g5 40. Ke1 Kg7
41. b4 Ne6 42. b5 1-0

[Event "AUTO-ADV-2731"]
[Site "http://www.queenalice.com/game.php?id=1141205"]
[Date "2013.1.16"]
[Round "1"]
[White "markim03"]
[Black "tonycorreia"]
[Result "1-0"]
[WhiteElo "1715"]
[BlackElo "1776"]

1. d4 c5 2. d5 Nf6 3. c4 Na6 4. Nf3 Qa5+ 5. Bd2 Nb4 6. Nc3 Qb6 7. a3 Na6 8. Rb1
Nc7 9. e4 d6 10. b4 Ng4 11. h3 Ne5 12. Nxe5 dxe5 13. bxc5 Qxc5 14. Be2 Bd7 15.
Rxb7 e6 16. O-O Bd6 17. Qc2 exd5 18. exd5 Qxa3 19. Nb5 Qa6 20. Nxc7+ Bxc7 21.
Rxc7 Qb6 22. Rxd7 Kxd7 23. Qf5+ Kd6 24. Qxf7 Rae8 25. Qxg7 h5 26. Be3 Qc7 27.
Qxc7+ Kxc7 28. Bxa7 Ra8 29. Be3 Ra2 30. Bf3 Kd6 31. g4 hxg4 32. Bxg4 Rf8 33. Rb1
e4 34. Rb5 Rc2 35. Bc5+ Kc7 36. Bxf8 Rxc4 37. d6+ Kc6 38. d7 Rd4 39. Rb4 Rd2 40.
Rxe4 Kc7 41. Be7 1-0

[Event "AUTO-ADV-2731"]
[Site "http://www.queenalice.com/game.php?id=1141206"]
[Date "2013.1.16"]
[Round "1"]
[White "tonycorreia"]
[Black "goreb83"]
[Result "0-1"]
[WhiteElo "1800"]
[BlackElo "2056"]

1. e4 c5 2. Nc3 Nc6 3. Nf3 d6 4. d4 cxd4 5. Nxd4 Bd7 6. Be3 g6 7. f3 Bg7 8. Nxc6
bxc6 9. Bd4 Nf6 10. b4 O-O 11. Rb1 e5 12. Be3 Be6 13. Bd3 d5 14. exd5 Nxd5 15.
Nxd5 cxd5 16. c3 e4 17. fxe4 dxe4 18. Bxe4 Bxc3+ 19. Ke2 Re8 20. Bxa8 Bc4+ 21.
Kf2 Qxa8 22. Qc1 Bd4 23. Re1 Rxe3 24. Rxe3 Qe4 25. g3 h5 26. h4 Qf5+ 27. Kg2
Bd5+ 28. Kh2 Qf2+ 0-1

[Event "AUTO-ADV-2731"]
[Site "http://www.queenalice.com/game.php?id=1141207"]
[Date "2013.1.16"]
[Round "1"]
[White "goreb83"]
[Black "tonycorreia"]
[Result "1-0"]
[WhiteElo "2063"]
[BlackElo "1794"]

1. d4 c5 2. d5 Nf6 3. c4 e5 4. Nc3 a6 5. a4 h6 6. e4 d6 7. Bd3 Bd7 8. Nf3 g5 9.
h3 Qa5 10. Bd2 Qc7 11. Ne2 b6 12. b4 g4 13. hxg4 Nxg4 14. b5 axb5 15. axb5 Rxa1
16. Qxa1 Be7 17. Ng3 Qc8 18. Qa7 Bd8 19. Nh5 Rg8 20. g3 Kf8 21. Be2 Rg6 22. Nh2
Nxh2 23. Rxh2 Bc7 24. Kf1 f5 25. exf5 Bxf5 26. f3 Qd8 27. g4 Bc2 28. Ng3 Kg7 29.
f4 exf4 30. Qa1+ Kh7 31. Bxf4 Qf8 32. Qc1 Bb3 33. Nf5 Rf6 34. Qb1 Rg6 35. Qxb3
Qf6 36. Bxh6 Kg8 37. Qf3 Bd8 38. g5 Qa1+ 39. Kf2 Bxg5 40. Bxg5 Rxg5 41. Nh6+ Kh7
42. Qf7+ Qg7 43. Nf5+ 1-0

[Event "AUTO-ADV-2731"]
[Site "http://www.queenalice.com/game.php?id=1141208"]
[Date "2013.1.16"]
[Round "1"]
[White "tonycorreia"]
[Black "Gabriel_HD"]
[Result "1/2-1/2"]
[WhiteElo "1774"]
[BlackElo "1895"]

1. e4 e5 2. Nc3 Nf6 3. a3 Bc5 4. Nd5 d6 5. f3 Nxd5 6. exd5 O-O 7. c4 Re8 8. Ne2
e4 9. b4 exf3 10. bxc5 fxe2 11. Bxe2 dxc5 12. O-O c6 13. Bf3 cxd5 14. Bxd5 Re7
15. Qh5 Be6 16. Bxb7 Rxb7 17. Qxc5 Rc7 18. Qe3 Bxc4 19. Re1 Nc6 20. Bb2 Rd7 21.
d4 Bd5 22. Re2 Rb8 23. Bc3 Re7 24. Qd3 Rb3 25. Rxe7 Qxe7 26. Re1 Qd7 27. Qe3 Kf8
28. Qd2 Qg4 29. Bb4+ Nxb4 30. axb4 Rd3 31. Qc2 g6 32. Qc5+ Kg7 33. Qxd5 Rxd4 34.
Qe5+ Kh6 35. b5 Rd2 36. Qe3+ Qg5 37. Qxg5+ Kxg5 38. Ra1 Rb2 39. Ra5 f5 40. h3
Kf4 41. Kh2 h5 42. Ra4+ Kg5 43. h4+ Kh6 44. Ra5 f4 45. Kg1 Rb3 46. Kf2 g5 47.
Ra6+ Kg7 48. Rxa7+ Kf6 49. Ra6+ Kf5 50. hxg5 Kxg5 51. b6 Kg4 52. Kf1 Kg3 53. Ra5
Rxb6 54. Rxh5 Rb2 55. Rh3+ Kg4 56. Rf3 Rb1+ 57. Kf2 Rh1 58. Ra3 Rb1 1/2-1/2

[Event "AUTO-ADV-2731"]
[Site "http://www.queenalice.com/game.php?id=1141209"]
[Date "2013.1.16"]
[Round "1"]
[White "Gabriel_HD"]
[Black "tonycorreia"]
[Result "1-0"]
[WhiteElo "1860"]
[BlackElo "1789"]

1. e4 e5 2. Nf3 Nc6 3. Bb5 Qf6 4. Nc3 Nge7 5. Bxc6 dxc6 6. d3 h6 7. O-O Be6 8.
Re1 Ng6 9. d4 exd4 10. Nxd4 O-O-O 11. Be3 c5 12. Nd5 Bxd5 13. exd5 Rxd5 14. Qg4+
Kb8 15. Nb5 h5 16. Bg5 Ne5 17. Bxf6 gxf6 18. Qf4 a6 19. Qxf6 Rh6 20. Qf4 axb5
21. Rad1 Rxd1 22. Rxd1 Bg7 23. a4 c6 24. axb5 cxb5 25. Rd7 Kc8 26. Re7 Rd6 27.
g3 Rd4 28. Qf5+ Kd8 29. Rxb7 Nd7 30. Qxf7 Kc8 31. Ra7 Rd1+ 32. Kg2 Kb8 33. Rxd7
1-0

[Event "From New York!"]
[Site "http://www.queenalice.com/game.php?id=1153127"]
[Date "2013.2.18"]
[Round "-"]
[White "Hourglass"]
[Black "tonycorreia"]
[Result "1-0"]
[WhiteElo "1994"]
[BlackElo "1809"]

1. e4 e6 2. d4 d5 3. e5 c5 4. c3 Bd7 5. Nf3 Qb6 6. a3 Nc6 7. b4 cxd4 8. cxd4
O-O-O 9. Be2 f5 10. O-O Re8 11. Nc3 Qc7 12. Nb5 Qb6 13. Qc2 Kb8 14. Qd3 g6 15.
Bd2 Bg7 16. a4 Nge7 17. a5 Qd8 18. Nd6 Ref8 19. b5 h6 20. bxc6 Bxc6 21. Rfb1 Nc8
22. Nxc8 Qxc8 23. Qa3 Qe8 24. Ba6 f4 25. Bxb7 Bxb7 26. a6 Rf7 27. axb7 a6 28.
Qd6+ Rc7 29. Rxa6 Bf8 30. Ra8# 1-0

[Event "Challenge"]
[Site "http://www.queenalice.com/game.php?id=1177828"]
[Date "2013.5.2"]
[Round "-"]
[White "cdare"]
[Black "tonycorreia"]
[Result "1-0"]
[WhiteElo "1838"]
[BlackElo "1779"]

1. e4 e5 2. Nf3 Nc6 3. Nc3 d6 4. h3 Be6 5. Bb5 a6 6. Bxc6+ bxc6 7. d3 Be7 8. O-O
h6 9. Be3 Nf6 10. a3 Nd7 11. b4 f5 12. Nh2 g6 13. f4 exf4 14. Bxf4 Nf6 15. exf5
Bxf5 16. Re1 Qd7 17. Ne4 Nh5 18. Bd2 Bxe4 19. Rxe4 O-O-O 20. Bc3 Rhf8 21. Qe1
Rf7 22. Qe3 Bg5 23. Qa7 Qf5 24. Rf1 Bf4 25. Qxa6+ Kd7 26. Ng4 Ng3 27. Rexf4 Ne2+
28. Kh2 Nxf4 29. Nxh6 Qd5 30. Rf2 Rff8 31. Bg7 Nxd3 32. Rxf8 Rxf8 33. Bxf8 Qe5+
34. Kh1 Nf2+ 35. Kg1 Qe1+ 36. Qf1 Nxh3+ 37. gxh3 Qe3+ 38. Kh2 Qe5+ 39. Kg1 Qg5+
40. Kh1 Qd5+ 41. Qg2 Qd1+ 42. Kh2 Qh5 43. Ng4 Qf5 44. Qf2 Qb5 45. Qe3 Kc8 46.
Nf6 Kb7 47. Qe8 g5 48. Nd7 Ka7 49. Bg7 d5 50. Bd4+ c5 51. Bxc5+ 1-0

[Event "Challenge"]
[Site "http://www.queenalice.com/game.php?id=1177829"]
[Date "2013.5.2"]
[Round "-"]
[White "tonycorreia"]
[Black "cdare"]
[Result "0-1"]
[WhiteElo "1765"]
[BlackElo "1841"]

1. e4 e5 2. Nc3 Nf6 3. a3 Nc6 4. Bc4 Bc5 5. Nf3 d6 6. h3 O-O 7. Nd5 Nxd5 8. Bxd5
Bd7 9. d3 Qe8 10. Ng5 h6 11. Nf3 Rb8 12. Nh4 Kh8 13. c3 Qe7 14. Qh5 Qf6 15. O-O
Ne7 16. Bb3 Kh7 17. Be3 Ng6 18. Bg5 Qxg5 19. Qxg5 hxg5 20. Nxg6 Kxg6 21. Bc2 Kh7
22. b4 Bb6 23. g4 g6 24. Kh2 f5 25. gxf5 gxf5 26. f3 Be3 27. Rad1 g4 28. fxg4
fxg4 29. hxg4 Bxg4 30. Rxf8 Rxf8 31. Rh1 Kg6 32. Kg3 Be6 33. Bd1 Bf4+ 34. Kg2
Kg7 35. Rh4 Rf6 36. d4 Bd2 37. d5 Bd7 38. c4 c6 39. Bc2 Rg6+ 40. Kf2 Bc1 41. a4
a6 42. c5 dxc5 43. bxc5 Ba3 44. dxc6 Bxc6 45. Kf3 Bxc5 46. Bb3 Be7 47. Rh5 b5
48. axb5 Bxb5 49. Rxe5 Bd6 50. Rxb5 axb5 51. Bd5 Be5 52. Ke2 Rb6 0-1

[Event "AUTO-OPEN-3311"]
[Site "http://www.queenalice.com/game.php?id=1302061"]
[Date "2014.8.17"]
[Round "1"]
[White "josebaron"]
[Black "tonycorreia"]
[Result "1-0"]
[WhiteElo "2064"]
[BlackElo "1731"]

1. e4 e5 2. Bc4 Nc6 3. d3 Qf6 4. Nf3 h6 5. O-O a6 6. a4 Bc5 7. c3 Na5 8. b4 Nxc4
9. bxc5 Na5 10. c4 Nc6 11. Bb2 d6 12. cxd6 cxd6 13. Nc3 Nge7 14. Nd5 Nxd5 15.
cxd5 Nb4 16. a5 Bg4 17. Ba3 Bxf3 18. gxf3 Qg6+ 19. Kh1 Nxd3 20. Qxd3 O-O 21. Rg1
Qf6 22. Rg2 Rfc8 23. Rag1 g6 24. Qd2 g5 25. Rg3 Rc4 26. h4 Kf8 27. hxg5 hxg5 28.
Qxg5 Qxg5 29. Rxg5 Ke7 30. Rg8 Rxg8 31. Rxg8 Ra4 32. Bb2 Rxa5 33. Rb8 Rb5 34.
Bc3 Rb3 35. Ba5 Rxf3 36. Rxb7+ Kf6 37. Bd8+ Kg6 38. Kg2 Rf4 39. f3 f6 40. Rb6 a5
41. Rxd6 a4 42. Ra6 Kf7 43. Rxa4 f5 44. Bg5 1-0

[Event "AUTO-OPEN-3311"]
[Site "http://www.queenalice.com/game.php?id=1302062"]
[Date "2014.8.17"]
[Round "1"]
[White "tonycorreia"]
[Black "josebaron"]
[Result "0-1"]
[WhiteElo "1712"]
[BlackElo "2090"]

1. d4 d5 2. Nf3 Nf6 3. g3 e6 4. Ne5 Bd6 5. c3 Bxe5 6. dxe5 Nfd7 7. Bg2 Nxe5 8.
Bf4 Ng4 9. O-O e5 10. Be3 Nxe3 11. fxe3 e4 12. Qd4 O-O 13. Na3 Nc6 14. Qc5 Bg4
15. Rf2 a6 16. c4 dxc4 17. Nxc4 f5 18. Ne5 Nxe5 19. Qxe5 Qd6 20. Qxd6 cxd6 21.
Rd1 Rad8 22. h3 Bh5 23. Rd5 Bg6 24. Rf4 Rf6 25. a3 Rc8 26. b4 Rc3 27. Kf2 Rxa3
28. h4 Rb3 29. Rd4 b5 30. Bh3 h5 31. Bg2 Kf7 32. Bh3 Ke6 33. Bg2 Ke5 34. Bh3 Bh7
35. Bg2 d5 36. Bh3 Rc3 37. Bg2 Rfc6 38. Bh3 R6c4 39. Rxc4 Rxc4 40. Ke1 Rxb4 41.
Kd2 d4 42. exd4+ Rxd4+ 43. Kc3 Rc4+ 44. Kb3 a5 45. Bf1 Bg8 46. Kb2 b4 47. e3 Rc3
48. Bh3 g6 49. g4 hxg4 50. Bg2 Rxe3 51. Rf2 Ra3 52. Kb1 b3 53. Bf1 e3 0-1

[Event "Challenge"]
[Site "http://www.queenalice.com/game.php?id=1322329"]
[Date "2014.11.15"]
[Round "-"]
[White "JORAM2205"]
[Black "tonycorreia"]
[Result "1-0"]
[WhiteElo "1737"]
[BlackElo "1728"]

1. e4 e5 2. Nf3 Nc6 3. d3 d6 4. Nc3 Bg4 5. Be2 Be7 6. Be3 Nd4 7. Nxd4 exd4 8.
Bxd4 Bxe2 9. Qxe2 f6 10. O-O Qd7 11. Be3 O-O-O 12. Bxa7 b6 13. d4 Kb7 14. Nb5
1-0